000 00309nam a2200109Ia 4500
008 220204s9999 xx 000 0 und d
082 _a681.31(036)ORA
_bFIN
100 _aFinkelstein, Rich
245 0 _aOracle power objects developer's guide. 1997.
260 _aNew Delhi
_bTata McGraw Hill
_c1997
942 _cBK
999 _c41470
_d41470